000 00370 a2200145 4500
001 151016
040 _cEscola São Tomás de Aquino
100 _aRIOS, Rosana
240 1 0 _aO mistério do cofrinho vermelho
_lpor
245 1 0 _aO mistério do cofrinho vermelho
300 _a95
440 1 _aEscala Educacional
697 _a*LITERATURA INFANTO JUVENIL
942 _cBK
999 _c151016
_d151016